Statistics for Long Island General Knowledge Quiz

Click here to take the quiz!

General Stats

  • This quiz has been taken 28 times
  • The average score is 13 of 18

Answer Stats

HintAnswer% Correct
Name one of the two boroughs of New York City that are on Long IslandBrooklyn or Queens
96%
Name one of the two counties that are on Long IslandNassau or Suffolk
96%
The "Piano Man" was born in the Bronx and raised in Hicksville. Who is he?Billy Joel
92%
What natural disaster is Long Island most prone to?Hurricanes
92%
What popular vacation spot is an island directly south of the island?Fire Island
83%
What is the popular summer home location for the wealthy out east?Hamptons
83%
Complete the drink. Long Island _____ ______.Iced Tea
83%
What "point" is on the east tip of the south fork?Montauk
83%
Youngs Memorial Cemetery is the burial place of what US president?Theodore Roosevelt
83%
What is the name of the first truly mass-produced suburb?Levittown
75%
What is the name of the large mall located in Garden City, which is the 10th largest in the US?Roosevelt Field
71%
What river separates Long Island from Manhattan and the mainland?East River
63%
What first lady was born in 1929 in Southampton?Jacqueline Kennedy
54%
What famous novel used the Long Island's Gold Coast as its backdrop?The Great Gatsby
54%
What famous American poet was born in West Hills?Walt Whitman
54%
What is the name of the minor league baseball team on the island?Ducks
50%
Which aviator took off from the above on May 20, 1927?Charles Lindbergh
38%
What is the largest lake on Long Island?Lake Ronkonkoma
0%

Score Distribution

Percentile by Number Answered

Percent of People with Each Score

Your Score History

You have not taken this quiz